000 00667nam a22002417a 4500
003 UA-OsUOA
001 73735
007 ta
008 20110315b un ||||| |||| 00| 0 ukr d
100 _aПташенко Л. О.
090 _a336.13
_bП87
942 _cBK
040 _aUA-OsUOA
_bukr
_cUA-OsUOA
_dUA-OsUOA
245 _aУправління корпоративними фінансами
_bнавч. посіб.
300 _a296 с.
955 _a2
041 _aukr
080 _a336.13
020 _a978-966-364-565-0
260 _aК.
_bЦентр учбової літератури
_c2008
650 7 _a336 Фінанси
_2UDC
999 _c360019
_d360019